Les doigts de la main - Statistiques

Statistiques générales
  • Ce quiz a été pris 477 fois
  • Le résultat moyen est 4 sur 5
Statistiques - réponses
(: Réponse % Correct
1 : pouce
94%
3 : majeur
87%
2 : index
83%
4 : annulaire
73%
5 : auriculaire
63%
Aucun quiz correspondant
Distribution des résultats
% des personnes avec chaque résultat
Percentile par nombre de réponses
Votre historique - résultats
Vous n’avez pas pris ce quiz